|
|
|
|
| LEADER |
00000cam a2200000 a 4500 |
| 001 |
vtls011567969 |
| 003 |
SK-MaSNL |
| 005 |
20260426015633.0 |
| 008 |
240318s2015 xo g hn 001 0bslo |
| 015 |
|
|
|a SNBA2016/09
|
| 020 |
|
|
|a 9788097221201
|q (viazané)
|
| 035 |
|
|
|a C630EAC6-B7B3-47A1-A730-311C2AF44FAF
|
| 035 |
|
|
|a urn:nbn:sk:snk-amtg04
|
| 035 |
|
|
|a urn:nbn:sk:snk-am00bltu
|
| 040 |
|
|
|a SNK
|b slo
|c SNK
|e AACR2
|
| 041 |
1 |
|
|a slo
|h spa
|
| 043 |
|
|
|a e-sp---
|
| 044 |
|
|
|a xo
|c SK
|
| 072 |
|
7 |
|a 929
|x Biografie
|2 konspekt
|
| 072 |
|
7 |
|a 27-78
|x Kresťanské združenia, spolky a organizácie. Rehoľné rády
|2 konspekt
|
| 080 |
|
|
|a 27-789.34-1/-9
|2 2011
|
| 080 |
|
|
|a 27-789.34-055.2
|2 2011
|
| 080 |
|
|
|a (460)
|2 2011
|
| 080 |
|
|
|a (092)
|2 2011
|
| 100 |
0 |
|
|a Terézia, z Avily,
|c svätá,
|d 1515-1582
|4 aut
|9 157795
|
| 240 |
1 |
0 |
|a Obras completas: Libro de la vida
|l Slovensky
|
| 245 |
1 |
0 |
|a Kniha života
|c Sv. Terézia od Ježiša ; [zo španielskeho originálu ... preložil Pavel Vojtěch Kohut a Stanislav Jaloviar]
|
| 250 |
|
|
|a 1. vyd.
|
| 260 |
|
|
|a Košice
|b Kláštor bosých karmelitánov Lorinčík
|c 2015
|
| 300 |
|
|
|a 469 s.
|c 21 cm
|
| 490 |
1 |
|
|a Súborné dielo
|v 1. zväzok
|
| 504 |
|
|
|a Bibliogr. odkazy a pozn. ; reg.
|
| 600 |
0 |
7 |
|a Terézia, z Avily,
|c svätá,
|d 1515-1582
|2 SNKMA
|9 157795
|
| 650 |
0 |
7 |
|a karmelitánska spiritualita
|2 SNKPH
|9 79027
|
| 650 |
0 |
7 |
|a karmelitánky
|2 SNKPH
|9 73601
|
| 650 |
0 |
7 |
|a Carmelite spirituality
|2 SNKPHeng
|9 334450
|
| 650 |
0 |
7 |
|a Carmelite nuns
|2 SNKPHeng
|9 335079
|
| 651 |
|
7 |
|a Španielsko
|2 SNKPH
|9 20008
|
| 651 |
|
7 |
|a Spain
|2 SNKPHeng
|9 317207
|
| 655 |
|
7 |
|a biografie
|2 SNKPH
|9 27965
|
| 655 |
|
7 |
|a Biography
|2 SNKPHeng
|9 266314
|
| 700 |
1 |
|
|a Kohut, Pavel Vojtěch
|4 trl
|9 754729
|
| 700 |
1 |
|
|a Jaloviar, Stanislav
|4 trl
|9 332785
|
| 830 |
|
0 |
|a Súborné dielo
|9 293634
|
| 852 |
|
|
|a Štátna vedecká knižnica v Banskej Bystrici
|
| 919 |
|
|
|a 978-80-972212-0-1
|
| 958 |
|
|
|a TL
|
| 958 |
|
|
|a NB
|
| 958 |
|
|
|a BX
|
| 958 |
|
|
|a OP
|
| 968 |
|
|
|a SLO
|b ESP
|
| 999 |
|
|
|c 1189944
|d 1191874
|
| 952 |
|
|
|a SNK
|b SNK
|y PREZ
|7 0
|p 17A1210726
|o snkSC 171022
|i snk2016/20131
|8 0
|0 0
|1 0
|4 0
|d 2016-08-25
|f 1
|l 0
|r 2025-09-08 00:00:00
|w 2026-02-24
|
| 952 |
|
|
|a SNK
|b SNK
|y VYP
|7 0
|p 17A1210727
|o snkSC 171022 D1
|i snk2016/20132
|8 0
|0 0
|1 0
|4 0
|d 2016-08-25
|l 0
|r 2026-02-24 22:08:34
|w 2026-02-24
|